Os tribunais de contas e o mínimo existencial em educação : (Record no. 62)

MARC details
000 -LÍDER
Campo Fixo de Controle 00864cam a2200241 a 4500
001 - NÚMERO DE CONTROLE
Campo de Controle 62
003 - IDENTIFICAÇÃO DO NÚMERO DE CONTROLE
Campo de Controle BR-CuiBMT
005 - DATA E HORA DA ÚLTIMA ATUALIZAÇÃO
Campo de Controle 20231109235416.0
008 - DADOS FIXOS
Dados Fixos 230809s2021 mgb 000 0 por d
020 ## - INTERNATIONAL STANDARD BOOK NUMBER
Nº do ISBN 9786555182019
040 ## - AGÊNCIA CATALOGADORA
Código da Agência Catalogadora BR-CuiBMT
Agência que transcreveu o registro BR-CuiBMT
080 ## - Nº DA CLASSIFICAÇÃO DECIMAL UNIVERSAL
Nº edição CDU 2007
Nº Class. CDU 351.94:336.148:37.014.53
090 ## - NÚMERO DE CHAMADA
Nº classificação 351.94:336.148:37.014.53
Cutter R696t
100 1# - ENTRADA PRINCIPAL -- AUTOR PESSOAL
Nome pessoal Rodrigues, Ricardo Schneider,
Datas associadas ao nome 1981-
245 13 - TÍTULO PRINCIPAL
Título principal Os tribunais de contas e o mínimo existencial em educação :
Subtítulo fundamentos para uma atuação forte /
Indicação de responsabilidade Ricardo Schneider Rodrigues ; prefácio Ingo Wolfgang Sarlet ; apresentação Cezar Miola.
260 ## - PUBLICAÇÃO, DISTRIBUIÇÃO, ETC.
Local de publicação Belo Horizonte :
Editora Fórum,
Data 2021.
300 ## - DESCRIÇÃO FÍSICA
N. páginas ou volumes 422 p. ;
Dimensões 22 cm
504 ## - NOTA DE BIBLIOGRAFIA, ETC.
Nota de bibliografia Inclui bibliografia.
650 ## - ASSUNTO TÓPICO
Cabeçalho tópico ou nome geográfico Direito à educação
Subdivisão geográfica Brasil
650 ## - ASSUNTO TÓPICO
Cabeçalho tópico ou nome geográfico Tribunais de contas
Subdivisão geográfica Brasil
650 ## - ASSUNTO TÓPICO
Cabeçalho tópico ou nome geográfico Direitos fundamentais
942 ## - ELEMENTOS DE ENTRADA ADICIONAIS (KOHA)
Fonte de classificação ou esquema de arquivamento Classificação Decimal Universal
Tipo de item do Koha Livros
Holdings
Estado: removido Estado: perdido Fonte de classificação ou esquema de arquivamento Estado: danificado Indisponível para empréstimo Localização permanente Localização atual Data de aquisição Total Checkouts Número de Chamada completo Código de barras Date last seen Número do exemplar Preço efetivo a partir de Tipo de item (Koha)
    Classificação Decimal Universal     Biblioteca da Escola Superior de Contas do TCE/MT Biblioteca da Escola Superior de Contas do TCE/MT 28/07/2023   351.94:336.148:37.014.53 R696t BIBTCEMT23080038 09/08/2023 Ex. 1 09/08/2023 Livros

Powered by Koha